EAST INDIA COMPANY THE WORLD S MOST POWE (Record no. 19243)
[ view plain ]
| 000 -LEADER | |
|---|---|
| fixed length control field | 00335nam a2200133Ia 4500 |
| 008 - FIXED-LENGTH DATA ELEMENTS--GENERAL INFORMATION | |
| fixed length control field | 240624s9999 xx 000 0 und d |
| 041 ## - LANGUAGE CODE | |
| Language code of text/sound track or separate title | eng |
| 082 ## - DEWEY DECIMAL CLASSIFICATION NUMBER | |
| Classification number | 823 DAS |
| 100 ## - MAIN ENTRY--PERSONAL NAME | |
| Personal name | ROY TIRTHANKAR |
| 245 ## - TITLE STATEMENT | |
| Title | EAST INDIA COMPANY THE WORLD S MOST POWE |
| 260 ## - PUBLICATION, DISTRIBUTION, ETC. | |
| Date of publication, distribution, etc. | 2012 |
| Place of publication, distribution, etc. | New Delhi |
| Name of publisher, distributor, etc. | Penguin India |
| 300 ## - PHYSICAL DESCRIPTION | |
| Extent | 268 : p. |
| 365 ## - TRADE PRICE | |
| Currency code | RS |
| Price amount | 25 |
| Withdrawn status | Lost status | Damaged status | Not for loan | Home library | Current library | Shelving location | Date acquired | Source of acquisition | Cost, normal purchase price | Full call number | Barcode | Date last seen | Copy number | Price effective from | Koha item type |
|---|---|---|---|---|---|---|---|---|---|---|---|---|---|---|---|
| IMTN | IMTN | Rack 40-A | 07/27/2012 | IBH | 399.00 | 823 DAS | 19243 | 06/24/2024 | 1 | 06/24/2024 | Books |